Normal view
MARC view
- Zahid Malik,
Entry Personal Name
001 - CONTROL NUMBER
- control field: 6519
003 - CONTROL NUMBER IDENTIFIER
- control field: NUST
005 - DATE AND TIME OF LATEST TRANSACTION
- control field: 20171117151856.0
008 - FIXED-LENGTH DATA ELEMENTS
- fixed length control field: 171117|| aca||aabn | a|a d
040 ## - CATALOGING SOURCE
- Original cataloging agency: NUST
- Transcribing agency: NUST
100 ## - HEADING--PERSONAL NAME
- Personal name: Zahid Malik,
- Dates associated with a name: 1937-
670 ## - SOURCE DATA FOUND
- Source citation: Work cat.: (NUST)4100: Zahid Malik, 1937-, Doctor ʻAbdulqadīr K̲h̲ān aur Islāmī bam /, 1998
